000 00792nam a22002777a 4500
001 BR8105445
003 BR-BrBNA
005 20230928091035.0
007 ta
008 230509b bl.||||| |||| 00| 0 por d
040 _aBR-BrBNA
_bpor
_cBiblioteca Nacional de Agricultura
041 _a(Por)
072 _aR00
_b0170
_b9250
090 _ 0170 BR8105445
100 1 _aMiranda, P.
100 1 _aMiranda, M.I.M.
110 1 _aEmpresa Pernambucana de Pesquisa Agropecuaria, Recife, PE (Brasil);
_94262
110 1 _aBanco do Nordeste do Brasil S.A., Fortaleza, CE
245 1 _aA farinha de sorgo na cozinha regional
260 3 _aFortaleza, CE (Brasil):
_c1981.
300 _a14 p.
650 _aFARINHA
650 _aSORGO
909 _a202309
_bLucia
_c55
_dLucia Elande
942 _cBK
999 _c31906
_d31906